00167nam a2200073Ia 4500008004100000082000800041100001700049245002700066240331s9999 xx 000 0 und d bJAY aJayatilaka,R 0aWomen migrant workers